LEADER 01005nam0-22003491i-450- 001 990003235880403321 010 $a0-88132-055-2 035 $a000323588 035 $aFED01000323588 035 $a(Aleph)000323588FED01 035 $a000323588 100 $a20000920d1988----km-y0itay50------ba 101 0 $aita 102 $aIT 200 1 $aWorld Economic Problems$fedited by Kimberly Ann Elliott, John Williamson. 210 $aWashington$cInstitute for International Economics$d\April \\1988. 215 $aIX, 293 p.$d22 cm 225 1 $aSpecial Report$fInstitute for International Economics$v7 676 $aF/3.2 676 $aO/1.0 676 $aO/2.224 676 $aO/2.3 702 1$aElliott,$bKimberly Ann 712 2$aInstitute for international economics 801 0$aIT$bUNINA$gRICA$2UNIMARC 901 $aBK 912 $a990003235880403321 952 $aO/10 WOR$b7432$fSES 959 $aSES 996 $aWorld Economic Problems$9449112 997 $aUNINA DB $aING01 LEADER 02929nam 2200577 450 001 9910793812503321 005 20191226162505.0 010 $a0-8232-8588-X 024 7 $a10.1515/9780823285884 035 $a(CKB)4100000009938646 035 $a(DE-B1597)555093 035 $a(DE-B1597)9780823285884 035 $a(MiAaPQ)EBC5987158 035 $a(OCoLC)1130029728 035 $a(Au-PeEL)EBL5987158 035 $a(EXLCZ)994100000009938646 100 $a20191226d2020 uy 0 101 0 $aeng 135 $aurcnu|||uuuuu 181 $ctxt$2rdacontent 182 $cc$2rdamedia 183 $acr$2rdacarrier 200 00$aBeyond the doctrine of man $edecolonial visions of the human /$fJoseph Drexler-Dreis and Kristien Justaert, editors 210 1$aNew York :$cFordham University Press,$d[2020] 210 4$d2020 215 $a1 online resource (304 pages) 320 $aIncludes bibliographical references and index. 327 $tFront matter --$tContents --$tIntroduction. The projects of unsettling man --$tChapter 1. Where life itself lives --$tChapter 2. Unsettling blues: a decolonial reading of the blues episteme --$tChapter 3. Not your papa?s wynter: women of color contributions toward decolonial futures --$tChapter 4. Enfleshing love: a decolonial theological reading of beloved --$tChapter 5. Nat Turner?s orientation beyond the doctrine of man --$tChapter 6. Mystical bodies of Christ: human, crucified, and beloved --$tChapter 7. African humanism: between the cosmic and the terrestrial --$tChapter 8. Bodies that speak --$tChapter 9. Life beyond the doctrine of man: out of this world with Michel henry and radical queer theory --$tChapter 10. Black life/Schwarz- sein: inhabitations of the flesh --$tAcknowledgments --$tBibliography --$tContributors --$tIndex 330 $aCatalyzed by Sylvia Wynter?s questioning of modern/colonial descriptions of the human person, the essays in Beyond the Doctrine of Man interrogate the problem of these definitions of the human person and take up the struggle to decolonize and unsettle such descriptions.Contributors: Rufus Burnett Jr., M. Shawn Copeland, Yomaira C. Figueroa, Patrice Haynes, Xhercis Méndez, Andrew Prevot, Mayra Rivera, Linn Marie Tonstad, Alexander G. Weheliye 606 $aPhilosophical anthropology 606 $aPostcolonialism 606 $aDecolonization 610 $aDecolonial. 610 $aSylvia Wynter. 610 $abiopolitics. 610 $aflesh. 610 $ahuman. 610 $anew humanism. 615 0$aPhilosophical anthropology. 615 0$aPostcolonialism. 615 0$aDecolonization. 676 $a128 702 $aDrexler-Dreis$b Joseph 702 $aJustaert$b Kristien 801 0$bMiAaPQ 801 1$bMiAaPQ 801 2$bMiAaPQ 906 $aBOOK 912 $a9910793812503321 996 $aBeyond the doctrine of man$93765670 997 $aUNINA